Κατάλογος Βιβλιοθηκών Mediterranean College

Αναπτυξιακή ψυχολογία : (Record no. 10030)

MARC details
000 -LEADER
fixed length control field 03055nam a22002057a 4500
005 - ΗΜΕΡΟΜΗΝΙΑ ΚΑΙ ΩΡΑ ΤΕΛΕΥΤΑΙΑΣ ΕΝΗΜΕΡΩΣΗΣ
Πεδίο ελέγχου 20260112104231.0
006 - FIXED-LENGTH DATA ELEMENTS--ADDITIONAL MATERIAL CHARACTERISTICS
Πεδίο ελέγχου σταθερού μήκους a|||||r|||||||||||
008 - FIXED-LENGTH DATA ELEMENTS--GENERAL INFORMATION
Πεδίο ελέγχου σταθερού μήκους 260112s |||||||| |||| 00| ||gre d
020 ## - ISBN
ISBN 9789600120387
040 ## - ΠΗΓΗ ΚΑΤΑΛΟΓΟΓΡΑΦΗΣΗΣ
Φορέας πρωτότυπης καταλογογράφησης MC Thessaloniki Campus Library
Γλώσσα καταλογογράφησης Ελληνικά, Μοντέρνα (1453-)
Modifying agency MC Thessaloniki Campus Library
Κανόνες περιγραφικής καταλογογράφησης AACR2
240 10 - ΟΜΟΙΟΜΟΡΦΟΣ ΤΙΤΛΟΣ
Language of a work Ελληνικά
245 10 - ΤΙΤΛΟΣ ΚΑΙ ΔΗΛΩΣΗ ΥΠΕΥΘΥΝΟΤΗΤΑΣ
Τίτλος Αναπτυξιακή ψυχολογία :
Remainder of title διά βίου προσέγγιση /
Statement of responsibility, etc. Robert S. Feldman ; γενική επιστημονική επιμέλεια Ηλίας Γ. Μπεζεβέγκης ; μετάφραση, επιστημονική επιμέλεια Ευαγγελία Γαλανάκη...[κ.ά].
260 ## - PUBLICATION, DISTRIBUTION, ETC.
Place of publication, distribution, etc. Αθήνα :
Name of publisher, distributor, etc. Gutenberg,
Place of manufacture 2019.
300 ## - PHYSICAL DESCRIPTION
Extent 757 σ. :
Διαστάσεις 29 εκ.
520 ## - SUMMARY, ETC.
Summary, etc. Η Αναπτυξιακή Ψυχολογία – Διά Βίου Προσέγγιση αποτελεί μια ουσιαστικά ανανεωμένη και βελτιωμένη επανέκδοση του συγγράμματος Εξελικτική Ψυχολογία – Διά Βίου Ανάπτυξη. Το βιβλίο διατηρεί τα δυνατά στοιχεία της προηγούμενης έκδοσης, ενώ ταυτόχρονα εμπλουτίζεται με νέο περιεχόμενο και σύγχρονα επιστημονικά δεδομένα, καθιστώντας το πιο επίκαιρο, ενδιαφέρον και ελκυστικό.<br/>Εισάγει τον αναγνώστη στη λογική της διά βίου ανάπτυξης, αναδεικνύοντας τη σημασία της ισότιμης μελέτης όλων των αναπτυξιακών περιόδων. Παρουσιάζει ερευνητικά ευρήματα από έγκυρες μελέτες σε πολλούς τομείς της ανθρώπινης ανάπτυξης και τα συνδέει με την καθημερινή ζωή, διευκολύνοντας την κατανόηση και την πρακτική εφαρμογή τους. Ιδιαίτερη έμφαση δίνεται τόσο στον ρόλο των περιβαλλοντικών όσο και των γενετικών παραγόντων, καθώς και στην ύπαρξη ατομικών και πολιτισμικών διαφορών.<br/>Η νέα έκδοση περιλαμβάνει αναθεωρημένα και νέα κεφάλαια, βασισμένα σε σε μεγάλο βαθμό επικαιροποιημένη βιβλιογραφία, τα οποία πραγματεύονται σύγχρονα ζητήματα της αναπτυξιακής ψυχολογίας. Το σύγγραμμα απευθύνεται σε φοιτητές, γονείς, εκπαιδευτικούς και επαγγελματίες ψυχολόγους που ενδιαφέρονται να κατανοήσουν την ανθρώπινη ανάπτυξη σε όλο το εύρος της ζωής.
650 #4 - SUBJECT ADDED ENTRY--TOPICAL TERM
Topical term or geographic name entry element Ψυχολογία
942 ## - ADDED ENTRY ELEMENTS (KOHA)
Koha item type Books
Holdings
Τύπος τεκμηρίου Βιβλιοθήκη Τρέχουσα τοποθεσία Barcode Ημερομηνία απόκτησης Ταξιθετικό σύμβολο Αριθμός αντιτύπου Κατάσταση απόσυρσης Κατάσταση χαμένου Κατάσταση κατεστραμμένου Μη δανεισμός Σύνολο δανεισμών Ημερομηνία τελευταίας εμφάνισης Η τιμή ισχύει από
Books MC Thessaloniki Campus Library MC Thessaloniki Campus Library 9780000100382 12/01/2026 155.9 FEL 1           12/01/2026 12/01/2026

MC Athens Campus Library
Πατησίων 94 & Κοδριγκτώνος 13, 104 34
Πελλήνης 8 & Πατησίων 107, 112 51
Τ: +30 210 8899600

MC Thessaloniki Campus Library
Ίωνος Δραγούμη 21, 54625 | Ίωνος Δραγούμη 15, 54625
Τ: +30 2310 287779 – Τ: +30 2314 440300